| 000 | 01595nam0a2200409 4500 | ||
|---|---|---|---|
| 001 | RU\NLR\bibl\1262855 | ||
| 005 | 20260405123634.0 | ||
| 010 |
_a978-5-388-00145-0 _93000 |
||
| 021 |
_aRU _b2008-47264 _92611 |
||
| 035 | _a(nilc)EL/0000203012 | ||
| 035 | _aVIL\RUSMED\0000134934 | ||
| 035 | _a(NLR Aleph) 001248836 | ||
| 090 |
_a305959 _c305959 |
||
| 100 | _a20080619d2008 |||y0rusy50 ca | ||
| 101 | 0 | _arus | |
| 102 | _aRU | ||
| 105 | _aa ||||||||| | ||
| 200 | 1 |
_aДифференциальная психология человека _fВ. Н. Машков |
|
| 210 |
_aМосква _aСанкт-Петербург [и др.] _cПитер _d2008 |
||
| 215 |
_a288 с. _cил. _d22 |
||
| 225 | 1 | _aУчебное пособие | |
| 225 | 1 | _aТеория и практика | |
| 300 | _aНа 4-й с. обл. авт.: Машков В.Н. - д.психол.н., проф. | ||
| 320 | _aБиблиогр.: с. 154-157 (62 назв.) | ||
| 606 | 1 |
_aДифференциальная психология _jУчебные издания для высших учебных заведений _9998085 _3RU\NLR\auth\66378056 |
|
| 675 |
_a159.922 _vudc |
||
| 686 |
_a15.21.61 _2rugasnti |
||
| 686 |
_aF01.510 _2MeSH |
||
| 686 |
_aV02.575 _2MeSH |
||
| 686 | _aЮ937я73 | ||
| 700 | 1 |
_4070 _8rus _7ca _aМашков _bВ. Н. _cд-р психол. наук _gВалерий Николаевич _3RU\NLR\auth\7749260 _932195 |
|
| 801 | 0 |
_aRU _bЦНМБ _c20080619 _gPSBO |
|
| 801 | 1 |
_aRU _bЦНМБ _c20080619 |
|
| 801 | 2 |
_aRU _bNLR _c20080818 _grcr |
|
| 942 | _cBOOK | ||
| 980 | _aNB | ||